| 000 | 00365nam a2200133Ia 4500 | ||
|---|---|---|---|
| 008 | 220217s9999||||xx |||||||||||||| ||und|| | ||
| 020 | _a81-7758-443-X | ||
| 082 | _a004.67 COM | ||
| 100 |
_aComer, Douglas, E _91337 |
||
| 245 | 0 | _aEssentials of computer architecture | |
| 260 |
_aPearson education of asia _bNew Delhi _c2007 |
||
| 300 | _b199 | ||
| 650 | _aWWW | ||
| 999 |
_c176520 _d176520 |
||